000 00337nam a2200145 i 4500
001 bg
100 1 _aFic, Maria.
245 0 _aOrganizacja i zarządzanie /
_cM. Fic, D. Fic.
260 _aZielona Góra,
_c1983.
700 1 _aFic, Daniel.
040 _cBPK
041 _apol
942 _cKS
008 s pl f |000 0 pol
999 _c2574
_d2574
856 _uhttp://koha.tu.koszalin.pl/cgi-bin/koha/opac-detail.pl?biblionumber=2574
_yKatalog online BPK